000 00374nam a2200157Ia 4500
003 Ost
005 20260225132539.0
008 260225s9999||||xx |||||||||||||| ||und||
040 _cfsic
041 _afre
082 _a327
100 _aJaques santer
_eAuteur
245 0 _aPour un ordre économique mondial plus cohérant /
245 0 _cJaques santer
942 _cكتاب
999 _c33406
_d33406